000 00685cam a2200205 4500
001 WB3548-10
008 000000n 000 0 eng u
035 _a(Sirsi) u103045
245 _aLie back and take property profits
260 _c
490 _aTimes
_v 4 December 1999, 58(2)
520 _aConsiders the recent inconsistencies in house prices across the UK and reviews some of the new savings accounts specially designed for people wanting to invest in property.
590 _aWB
650 _aFORECASTS
650 _aPRICE RISES
650 _aHOUSING MARKET
650 _aINVESTMENT
690 _aPROPERTY-RESIDENTIAL PROPERTY-RESIDENTIAL PROPERTY MARKET
942 _n0
999 _c61922
_d61922